Statistiques concernant Joueurs ayant été nommés pour le BO lors des 10 dernières années

Cliquez ici pour prendre le quiz!

Statistiques générales

  • Ce quiz a été pris 116 fois
  • Le résultat moyen est 65 sur 119

Statistiques - réponses

NationalitéParticipationsRéponses% Correct
Portugal 🇵🇹10Cristiano Ronaldo
100%
Argentine 🇦🇷9Lionel Messi
100%
Uruguay 🇺🇾6Luís Suárez
99%
Pologne 🇵🇱9Robert Lewandowski
99%
Croatie 🇭🇷5Luka Modrić
98%
Égypte 🇪🇬4Mohamed Salah
98%
Brésil 🇧🇷8Neymar
98%
Belgique 🇧🇪6Eden Hazard
97%
Pays de Galles 🏴󠁧󠁢󠁷󠁬󠁳󠁿4Gareth Bale
97%
France 🇫🇷9Karim Benzema
97%
Belgique 🇧🇪7Kevin De Bruyne
97%
France 🇫🇷5Antoine Griezmann
95%
France 🇫🇷5Kylian Mbappé
95%
Sénégal 🇸🇳4Sadio Mané
95%
Suède 🇸🇪5Zlatan Ibrahimović
95%
Espagne 🇪🇸5Andres Iniesta
93%
France 🇫🇷4Paul Pogba
92%
Algérie 🇩🇿4Riyad Mahrez
92%
Allemagne 🇩🇪4Thomas Müller
92%
Espagne 🇪🇸2Xavi
91%
Angleterre 🏴󠁧󠁢󠁥󠁮󠁧󠁿4Harry Kane
90%
Allemagne 🇩🇪5Manuel Neuer
90%
Uruguay 🇺🇾3Edinson Cavani
89%
France 🇫🇷3N’Golo Kanté
87%
Gabon 🇬🇦3Pierre-Emerick Aubameyang
87%
Norvège 🇳🇴2Erling Haaland
86%
Belgique 🇧🇪3Thibaut Courtois
86%
Côte d’Ivoire 🇨🇮1Didier Drogba
84%
Colombie 🇨🇴2James Rodríguez
84%
Chili 🇨🇱1Alexis Sánchez
83%
France 🇫🇷2Hugo Lloris
83%
Corée du Sud 🇰🇷2Heung Min Son
82%
France 🇫🇷1Raphaël Varane
80%
Espagne 🇪🇸4Sergio Ramos
79%
Chili 🇨🇱2Arturo Vidal
78%
Argentine 🇦🇷1Angel Dí María
75%
France 🇫🇷1Franck Ribéry
74%
Argentine 🇦🇷5Sergio Agüero
74%
Portugal 🇵🇹2Bernardo Silva
72%
Colombie 🇨🇴3Radamel Falcao
72%
Espagne 🇪🇸1Gérard Piqué
71%
Brésil 🇧🇷1Thiago Silva
71%
Allemagne 🇩🇪4Toni Kroos
71%
Pays Bas 🇳🇱3Arjen Robben
70%
Italie 🇮🇹3Gianluigi Buffon
69%
Belgique 🇧🇪1Romelu Lukaku
68%
Pays Bas 🇳🇱2Virgil Van Dijk
67%
Côte d’Ivoire 🇨🇮4Yaya Touré
64%
Italie 🇮🇹1Giorgio Chiellini
63%
Croatie 🇭🇷2Ivan Rakitić
63%
Italie 🇮🇹2Leonardo Bonucci
62%
Slovénie 🇸🇮2Jan Oblak
61%
Argentine 🇦🇷2Paulo Dybala
59%
Portugal 🇵🇹1Pepe
59%
Allemagne 🇩🇪2Philipp Lahm
57%
Espagne 🇪🇸1Sergio Busquets
57%
Brésil 🇧🇷1Casemiro
54%
Allemagne 🇩🇪1Joshua Kimmich
54%
Allemagne 🇩🇪1Mats Hummels
54%
Pays Bas 🇳🇱1Frenkie De Jong
52%
Brésil 🇧🇷2Marcelo
52%
Bosnie 🇧🇦1Edin Dzeko
51%
Angleterre 🏴󠁧󠁢󠁥󠁮󠁧󠁿2Raheem Sterling
47%
Brésil 🇧🇷1Marquinhos
46%
Uruguay 🇺🇾2Diego Godín
45%
Espagne 🇪🇸1Iker Casillas
45%
Croatie 🇭🇷1Mario Mandzukić
45%
Italie 🇮🇹1Jorginho
44%
Brésil 🇧🇷1Alisson Becker
43%
Pays Bas 🇳🇱1Matthijs De Ligt
41%
Angleterre 🏴󠁧󠁢󠁥󠁮󠁧󠁿1Wayne Rooney
41%
Espagne 🇪🇸1David De Gea
40%
Allemagne 🇩🇪1Mario Götze
40%
Pays Bas 🇳🇱2Robin Van Persie
40%
Angleterre 🏴󠁧󠁢󠁥󠁮󠁧󠁿2Trent Alexander-Arnold
40%
Italie 🇮🇹2Andrea Pirlo
39%
Argentine 🇦🇷1Gonzalo Higuaín
38%
Danemark 🇩🇰1Simon Kjær
38%
Allemagne 🇩🇪2Bastian Schweinsteiger
36%
Brésil 🇧🇷1Vinicius
36%
Allemagne 🇩🇪1Marc-André Ter Stegen
33%
Brésil 🇧🇷2Roberto Firmino
33%
Portugal 🇵🇹1Bruno Fernandes
32%
Allemagne 🇩🇪2Mesut Özil
32%
Espagne 🇪🇸1Pedri
32%
Portugal 🇵🇹1Ruben Dias
31%
Angleterre 🏴󠁧󠁢󠁥󠁮󠁧󠁿2Phil Foden
29%
Portugal 🇵🇹1João Cancelo
28%
Italie 🇮🇹1Mario Balotelli
28%
France 🇫🇷1Mike Maignan
28%
France 🇫🇷1Dimitri Payet
26%
Argentine 🇦🇷2Javier Mascherano
26%
Portugal 🇵🇹1João Felix
26%
Sénégal 🇸🇳1Kalidou Koulibaly
26%
Italie 🇮🇹1Gianluigi Donnarumma
25%
Espagne 🇪🇸1Xabi Alonso
24%
France 🇫🇷1Christopher Nkunku
23%
Serbie 🇷🇸1Dusan Tadić
23%
Argentine 🇦🇷1Lautaro Martínez
23%
Portugal 🇵🇹1Rui Patricio
23%
Belgique 🇧🇪1Dries Mertens
22%
Espagne 🇪🇸1Cesar Azpilicueta
21%
Espagne 🇪🇸1Diego Costa
21%
Serbie 🇷🇸1Dusan Vlahović
21%
Pays Bas 🇳🇱1Georginio Wijnaldum
21%
Espagne 🇪🇸2Isco
21%
Uruguay 🇺🇾1Darwin Nuñez
20%
Brésil 🇧🇷1Fabinho
20%
Angleterre 🏴󠁧󠁢󠁥󠁮󠁧󠁿1Jamie Vardy
18%
Brésil 🇧🇷1Philippe Coutinho
18%
Côte d’Ivoire 🇨🇮1Sébastien Haller
17%
Colombie 🇨🇴1Luís Díaz
16%
Angleterre 🏴󠁧󠁢󠁥󠁮󠁧󠁿1Mason Mount
16%
Pays Bas 🇳🇱1Donny Van de Beek
15%
Portugal 🇵🇹1Rafael Leão
13%
Allemagne 🇩🇪1Antonio Rüdiger
11%
Espagne 🇪🇸1Koke
10%
Italie 🇮🇹1Nicolo Barella
10%
Espagne 🇪🇸1Gérard Moreno
7%

Distribution des résultats

Percentile par nombre de réponses

% des personnes avec chaque résultat

Votre développement - résultats

Vous n’avez pas pris ce quiz